00686 2200205 4500001002100000005001500021035002000036007000300056008004100059082001700100084002300117100002000140245012600160260007300286650002100359650002700380700001500407856003400422990002400456INLIS00000000000817320260402012252 a0010-0426000022ta260402 0 ind  a633.18:631.5 a633.18:631.5 ZAI p0 aZAINI, Zulkifli1 aPetunjuk Lapang Pengelolaan Tanaman Terpadu Padi Sawah : Meningkatkan Hasil Dan Pendapatan Menjaga Kelestarian Lingkungan aBogor :bBalai Penkajian Dan Pengembangan Teknologi Pertanian,c2004 4aHasil-Pendapatan 4aKelestarian Lingkungan0 aDiah W. S. aPerpustakaan BBRMP Jawa Timur a312/2026/BBRMPJATIM